02629cam a2200253 i 45000010009000000050017000090080041000260100017000670200018000840200018001020200018001200400044001380410008001822450128001902460036003182600059003543000038004135051763004515460022022146500044022366500022022807000035023027000038023371849486620181108155301.0180508s2015 xxu b 001 0 eng d a 2015006380 a9780226244273 z9780226244440 a9780226244303 aCO-BoUCMbspacSaul NiñodSaul Niño0 aeng00aCorporate social responsibility?bhuman rights in the new global economycedited by Charlotte Walker-Said and John D. Kelly aCorporate social responsibility aChicagoaLondonbThe University of Chicago Pressc2015 axiv, 388 páginasbilustraciones0 aIntroduction : power, profit, and social trust / Charlotte Walker-Said -- Corporate social responsibility as controlled negotiation : the hierarchy of values / Charlotte Walker-Said -- Two cheers for CSR / Peter Rosenblum -- Assessing corporate social responsibility in the tobacco industry / Peter Benson -- Transparency, auditability, and the contradictions of CSR / Anna Zalik -- Virtuous language in industry and the academy / Stuart Kirsch -- Corporate social responsibility and the mandate to remedy : between empowerment and mitigating vulnerabilities / Caroline Kaeb -- An emerging history of CSR : the economic trials at Nuremberg (1945-49) / Jonathan Bush -- The impact of the war crimes tribunals on corporate liability for atrocity crimes under US law / David Scheffer -- Sanction and socialize : military command responsibility and corporate accountability for atrocities / Scott A. Gilmore -- Law, morality, and rational choice : incentives for CSR compliance / Caroline Kaeb -- Multistakeholder initiative anatomy : understanding institutional design and development / Amelia Evans -- The virtue of voluntarism : human rights, corporate responsibility, and UN Global Compact / Ursula Wynhoven, Yousuf Aftab -- Africa as CSR laboratory : twenty-first-century corporate strategy and state building / Charlotte Walker-Said -- CSR and corporate engagement with parties to armed conflicts / William Reno -- Corporate and state sustainability in Africa : the politics of stability in the postrevolutionary age / Charlotte Walker-Said -- Tender is the mine : law, shadow rule, and the public gaze in Ghana / Lauren Coyle -- Corporate social responsibility and latecomer industrialization in Nigeria / Richard Joseph, Kelly Spence, Abimbola Agboluaje. aTexto en inglés 7aResponsabilidad social de los negocios  7aDerechos humanos 1 aWalker-Said, Charlotteeeditor1 aKelly, John Dunhamd1958-eeditor